Groupes de 4 - Culture Générale - Statistiques

Statistiques générales
  • Ce quiz a été pris 358 fois
  • Le résultat moyen est 54 sur 112
Statistiques - réponses
Hint Réponse % Correct
Langues officielles de la Suisse Français
94%
Signification des lettres de l’acronyme OTAN Organisation
94%
Pièces d'un jeu d'échecs pouvant avancer en diagonale Roi
94%
Langues officielles de la Suisse Allemand
89%
Villes hôtes des 4 derniers JO (incluant 2024) Paris
89%
Pièces d'un jeu d'échecs pouvant avancer en diagonale Reine
89%
Villes italiennes qui ont attiré le plus de touristes en 2023 Rome
89%
Pièces d'un jeu d'échecs pouvant avancer en diagonale Fou
87%
Couleurs sur le drapeau de l'Egypte Noir
87%
Couleurs sur le drapeau de l'Egypte Rouge
87%
Couleurs sur le drapeau de l'Egypte Blanc
85%
Pays commençant par la lettre H Hongrie
85%
Pays où ont eu lieu les 4 séismes les plus forts de l'histoire Japon
85%
Prénoms des Dalton Jo
84%
Pays commençant par la lettre H Honduras
83%
Pièces d'un jeu d'échecs pouvant avancer en diagonale Pion
83%
Signification des lettres de l’acronyme OTAN Nord
82%
Couleurs sur le drapeau de l'Egypte Jaune
80%
Plus grandes îles de la Mer Méditerranée Corse
79%
Langues officielles de la Suisse Italien
79%
Pays qui ont déjà remporté une coupe du monde de rugby Nouvelle-Zélande
77%
Pays commençant par la lettre H Haïti
73%
Villes italiennes qui ont attiré le plus de touristes en 2023 Venise
73%
Départements de la Bretagne Finistère
70%
Premiers ministres sous Emmanuel Macron (Actualisé en Juillet 2024) Gabriel Attal
69%
Plus grandes îles de la Mer Méditerranée Sardaigne
69%
Pays qui ont déjà remporté une coupe du monde de rugby Australie
68%
Noms des gares du Monopoly classique Gare du Nord
68%
Plus grandes îles de la Mer Méditerranée Sicile
68%
Pays qui ont déjà remporté une coupe du monde de rugby Afrique du Sud
67%
Présidents représentés sur le Mont Rushmore George Washington
67%
Pays qui ont déjà remporté une coupe du monde de rugby Angleterre
65%
Pays où ont eu lieu les 4 séismes les plus forts de l'histoire Etats-Unis
64%
Présidents représentés sur le Mont Rushmore Abraham Lincoln
62%
Prénoms des Dalton Averell
62%
Plus grandes îles de la Mer Méditerranée Chypre
62%
Premiers ministres sous Emmanuel Macron (Actualisé en Juillet 2024) Elisabeth Borne
62%
Finalistes de la Coupe de Feu Harry Potter
62%
Signification des lettres de l’acronyme OTAN Atlantique
61%
Noms des gares du Monopoly classique Gare de Lyon
61%
Villes hôtes des 4 derniers JO (incluant 2024) Londres
61%
Villes italiennes qui ont attiré le plus de touristes en 2023 Naples
59%
Villes italiennes qui ont attiré le plus de touristes en 2023 Florence
58%
Fleurs nationales des pays du Royaume-Uni Rose
58%
Les évangiles Jean
56%
Les évangiles Luc
55%
Départements de la Bretagne Morbihan
55%
Villes hôtes des 4 derniers JO (incluant 2024) Rio de Janeiro
53%
Premiers ministres sous Emmanuel Macron (Actualisé en Juillet 2024) Edouard Philippe
52%
Signification des lettres de l’acronyme OTAN Traité
52%
Enfants de Stranger Things qui découvrent Eleven ensemble Will
51%
Départements de la Bretagne Côtes-d'Armor
49%
Prénoms des Dalton Jack
49%
Villes hôtes des 4 derniers JO (incluant 2024) Pékin
49%
Noms des films Avengers Endgame
47%
Régions d'origine des Miss France 2024, 2023, 2022 et 2021 Guadeloupe
45%
Pays finissant par les lettres -al Sénégal
45%
Pays nés de la dissolution de l'Afrique Equatoriale Française (AEF) en 1958 Congo
44%
Départements de la Bretagne Ille-et-Vilaine
44%
Les évangiles Mathieu
44%
Présidents représentés sur le Mont Rushmore Theodore Roosevelt
44%
Finalistes de la Coupe de Feu Cédric Diggory
43%
Prénoms des Dalton William
43%
Pays où ont eu lieu les 4 séismes les plus forts de l'histoire Indonésie
41%
Pays finissant par les lettres -al Portugal
41%
Fleurs nationales des pays du Royaume-Uni Chardon
40%
Premiers ministres sous Emmanuel Macron (Actualisé en Juillet 2024) Jean Castex
40%
Les évangiles Marc
40%
Régions d'origine des Miss France 2024, 2023, 2022 et 2021 Ile de France
38%
Finalistes de la Coupe de Feu Fleur Delacour
37%
Noms des gares du Monopoly classique Gare Saint-Lazare
37%
Finalistes de la Coupe de Feu Victor Krum
37%
Pays finissant par les lettres -al Népal
35%
Langues officielles de la Suisse Romanche
35%
Régions d'origine des Miss France 2024, 2023, 2022 et 2021 Nord-Pas-de-Calais
34%
Prénoms des 4 fondateurs de l'école de Poudlard Salazar
33%
Noms des films Avengers Infinity War
31%
Régions d'origine des Miss France 2024, 2023, 2022 et 2021 Normandie
31%
Pays nés de la dissolution de l'Afrique Equatoriale Française (AEF) en 1958 République Centrafricaine
31%
Présidents représentés sur le Mont Rushmore Thomas Jefferson
30%
Noms des films Avengers L'ère d'Ultron
29%
Fleurs nationales des pays du Royaume-Uni Trèfle
29%
Prénoms des 4 fondateurs de l'école de Poudlard Godric
28%
Pays nés de la dissolution de l'Afrique Equatoriale Française (AEF) en 1958 Gabon
27%
Prénoms des enfants dans Le Monde de Narnia Susan
26%
Prénoms des 4 fondateurs de l'école de Poudlard Rowena
25%
Noms des films Avengers Avengers
23%
Protagonistes de Desperate Housewives Bree Van De Kamp
21%
Prénoms des 4 fondateurs de l'école de Poudlard Helga
21%
Protagonistes de Desperate Housewives Gabrielle Solis
20%
Fleurs nationales des pays du Royaume-Uni Jonquille / Poireau
20%
Pays nés de la dissolution de l'Afrique Equatoriale Française (AEF) en 1958 Tchad
20%
Noms des gares du Monopoly classique Gare de Montparnasse
17%
Protagonistes de Desperate Housewives Lynette Scavo
17%
Enfants de Stranger Things qui découvrent Eleven ensemble Mike
17%
Dans la mythologie grecque, nom des vents du Nord, Sud, Est et Ouest Zéphyr
17%
Pays où ont eu lieu les 4 séismes les plus forts de l'histoire Chili
16%
Prénoms des enfants dans Le Monde de Narnia Lucy
16%
Protagonistes de Desperate Housewives Susan Mayer
16%
Pays commençant par la lettre H Hong-Kong
15%
Enfants de Stranger Things qui découvrent Eleven ensemble Dustin
14%
Prénoms des enfants dans Le Monde de Narnia Edmund
14%
Enfants de Stranger Things qui découvrent Eleven ensemble Lucas
13%
Prénoms des enfants dans Le Monde de Narnia Peter
13%
Pays finissant par les lettres -al Timor Oriental
12%
Sports disponibles sur Mario Sports Mix sur Wii Basket-ball
11%
Dans la mythologie grecque, nom des vents du Nord, Sud, Est et Ouest Borée
11%
Sports disponibles sur Mario Sports Mix sur Wii Volley-ball
8%
Sports disponibles sur Mario Sports Mix sur Wii Hockey
4%
Dans la mythologie grecque, nom des vents du Nord, Sud, Est et Ouest Euros
3%
Dans la mythologie grecque, nom des vents du Nord, Sud, Est et Ouest Notos
3%
Sports disponibles sur Mario Sports Mix sur Wii Balle au prisonnier
2%
Aucun quiz correspondant
Distribution des résultats
% des personnes avec chaque résultat
Percentile par nombre de réponses
Votre historique - résultats
Vous n’avez pas pris ce quiz